Rocky Mountain States - Sudden Death - Statistics

General Stats
  • This quiz has been taken 31 times
  • The average score is 4 of 6
Answers on the Grid
Answers color-coded by a green-red scale on the quiz's grid according to % correct below.
Alaska
Arizona
California
Colorado
Idaho
Montana
Nevada
New Mexico
North Dakota
Oregon
South Dakota
Texas
Utah
Washington
Wyoming
 
Answer Stats
Answer % Correct
Colorado
83%
Montana
70%
Idaho
65%
Utah
57%
Wyoming
57%
New Mexico
48%
No matching quizzes found
Score Distribution
Percent of People with Each Score
Percentile by Number Answered
Your Score History
You have not taken this quiz